Länder anhand von Haikus erraten - Hard Edition 2 - Statistiken

Allgemein
  • Dieses Quiz wurde 36 mal gespielt
  • Das Durchschnittsergebnis liegt bei 7 aus 15
Antwortstatistiken
Hint Antwort % Korrekt
Schokolade verführt, Glockenspiel in alten Gassen, Biervielfalt fließt. Belgien
85%
Gipfel berühren Himmel, Buddhistische Gebete wehen, Glücksmomente im Herzen. Bhutan
69%
Olivenhaine grün, Götter steinern im Ruhen, Mittelmeer umarmt. Zypern
62%
Adriatische Küste, Gebirgszüge im Hinterland, Kulturgeschichte lebt. Montenegro
58%
Teeplantagen grün, Tempel glitzern im Sonnenlicht, Elefanten ziehen. Sri Lanka
58%
Perlen am Persischen Golf, Moderne trifft auf Tradition, Wüstenhitze glüht. Bahrain
54%
Palmen säumen Strand, Ruinen der Maya schlummern, Karibikgeister tanzen. Honduras
50%
Steppe weht sanft im Wind, Gebirge ragen stolz empor, Nomadenpfade ziehen. Kasachstan
50%
Wüstenwinde wehen,
Heilige Stätten erstrahlen,
Kulturelle Vielfalt.
Israel
42%
Korallengärten blüh'n, Trommeln klingen im Urwald, Stammesweisen wachen. Papua Neuguinea
42%
Kakao duftet süß, Trommeln hallen durch die Nacht, Goldenes Erbe glänzt. Ghana
35%
Glitzerndes Meer umarmt, Hochhäuser in Miniatur, Luxus in der Sonne. Monaco
35%
Berge umhüllen Geheimnisse, Propaganda tanzt im Wind, Stille spricht Bände. Nordkorea
35%
Korallenmeer glitzert, Inseln wie Juwelen verstreut, Tradition im Wind. Palau
19%
Weinberge in der Sonne, Klöster schweigen im Talgrund, Kultur im Verborg'nen. Moldawien
15%
Keine übereinstimmenden Quizze gefunden
Verteilung der Resultate
Anzahl Personen mit jedem Resultat
Perzentil nach korrekt beantworteten Fragen
Ihre Resultats-Entwicklung
Sie haben dieses Quiz noch nicht gespielt